MARC details
| 000 -LEADER |
| campo de control de longitud fija |
02238cam a22005534a 4500 |
| 001 - NÚMERO DE CONTROL |
| campo de control |
98999 |
| 005 - FECHA Y HORA DE LA ÚLTIMA TRANSACCIÓN |
| campo de control |
20230410123456.0 |
| 008 - DATOS DE LONGITUD FIJA--INFORMACIÓN GENERAL |
| campo de control de longitud fija |
090313s2009 cauak 001 0 eng |
| 010 ## - NÚMERO DE CONTROL DE LA BIBLIOTECA DEL CONGRESO |
| Número de control de LC |
2009011079 |
| 035 ## - NÚMERO DE CONTROL DEL SISTEMA |
| Número de control de sistema |
(OCoLC)ocn286456427 |
| 040 ## - FUENTE DE CATALOGACIÓN |
| Centro catalogador/agencia de origen |
DLC |
| Centro/agencia transcriptor |
DLC |
| Centro/agencia modificador |
YDX |
| -- |
BTCTA |
| -- |
YDXCP |
| -- |
CDX |
| -- |
NPL |
| -- |
DEBBG |
| -- |
UVL |
| -- |
IG# |
| 019 ## - |
| -- |
424619553 |
| 020 ## - NÚMERO INTERNACIONAL ESTÁNDAR DEL LIBRO |
| Número Internacional Estándar del Libro |
9781413310245 (pbk.) |
| 020 ## - NÚMERO INTERNACIONAL ESTÁNDAR DEL LIBRO |
| Número Internacional Estándar del Libro |
1413310249 (pbk.) |
| 029 1# - OTRO NÚMERO DE CONTROL DE SISTEMA (OCLC) |
| Identificador de la biblioteca OCLC |
CDX |
| Número de control de sistema |
9447253 |
| 029 1# - OTRO NÚMERO DE CONTROL DE SISTEMA (OCLC) |
| Identificador de la biblioteca OCLC |
DEBBG |
| Número de control de sistema |
BV035694921 |
| 029 1# - OTRO NÚMERO DE CONTROL DE SISTEMA (OCLC) |
| Identificador de la biblioteca OCLC |
IG# |
| Número de control de sistema |
9781413310245 |
| 035 ## - NÚMERO DE CONTROL DEL SISTEMA |
| Número de control de sistema |
(OCoLC)286456427 |
| Número de control cancelado/no válido |
(OCoLC)424619553 |
| 037 ## - FUENTE DE ADQUISICIÓN |
| Fuente del número de adquisición |
950 Parker St., Berkeley, CA 94710 |
| 043 ## - CÓDIGO DE ÁREA GEOGRÁFICA |
| Código de área geográfica |
n-us--- |
| 050 14 - SIGNATURA TOPOGRÁFICA DE LA BIBLIOTECA DEL CONGRESO |
| Número de clasificación |
KF3114.85 |
| Número de ítem |
P935n 2009 |
| 082 00 - NÚMERO DE LA CLASIFICACIÓN DECIMAL DEWEY |
| Número de clasificación |
346.7304/86 |
| Número de edición |
22 |
| 084 ## - OTRO NÚMERO DE CLASIFICACIÓN |
| Número de clasificación |
PU 5440 |
| Fuente del número |
rvk |
| 100 1# - ENTRADA PRINCIPAL--NOMBRE DE PERSONA |
| Nombre de persona |
Pressman, David, |
| Fechas asociadas al nombre |
1937- |
| 245 10 - MENCIÓN DEL TÍTULO |
| Título |
Nolo's patents for beginners / |
| Mención de responsabilidad, etc. |
by David Pressman and Richard Stim. |
| 246 30 - FORMA VARIANTE DEL TITULO |
| Título propio/Titulo breve |
Patents for beginners |
| 250 ## - MENCION DE EDICION |
| Mención de edición |
6th ed. |
| 260 ## - PUBLICACIÓN, DISTRIBUCIÓN, ETC. |
| Lugar de publicación, distribución, etc. |
[Berkeley, CA] : |
| Nombre del editor, distribuidor, etc. |
Nolo, |
| Fecha de publicación, distribución, etc. |
2009. |
| 300 ## - DESCRIPCIÓN FÍSICA |
| Extensión |
194 p. : |
| Otras características físicas |
ill., forms ; |
| Dimensiones |
22 cm. |
| 490 1# - MENCIÓN DE SERIE |
| Mención de serie |
Nolo Press self-help law books |
| 500 ## - NOTA GENERAL |
| Nota general |
Includes index. |
| 505 0# - NOTA DE CONTENIDO CON FORMATO |
| Nota de contenido con formato |
Patents and intellectual property law -- Qualifying for a patent -- Invention documentation -- Patent searching -- Reading and writing patents -- Patent prosecution and the PTO -- Patent ownership -- Patent infringement -- International patent law -- Help beyond this book. |
| 504 ## - NOTA DE BIBLIOGRAFÍA, ETC. |
| Nota de bibliografía, etc. |
Includes bibliographical references (p. 172-175) and index. |
| 650 #0 - PUNTO DE ACCESO ADICIONAL DE MATERIA--TÉRMINO DE MATERIA |
| Término de materia o nombre geográfico como elemento de entrada |
Patent laws and legislation |
| Subdivisión geográfica |
United States |
| Subdivisión de forma |
Popular works. |
| 650 #0 - PUNTO DE ACCESO ADICIONAL DE MATERIA--TÉRMINO DE MATERIA |
| Término de materia o nombre geográfico como elemento de entrada |
Patent practice |
| Subdivisión geográfica |
United States |
| Subdivisión de forma |
Popular works. |
| 700 1# - ENTRADA AGREGADA--NOMBRE PERSONAL |
| Nombre de persona |
Stim, Richard. |
| 830 #0 - PUNTO DE ACCESO ADICIONAL DE SERIE-TÍTULO UNIFORME |
| Título uniforme |
Nolo Press self-help law books. |
| 830 #0 - PUNTO DE ACCESO ADICIONAL DE SERIE-TÍTULO UNIFORME |
| Título uniforme |
Nolo self-help law. |
| 830 #0 - PUNTO DE ACCESO ADICIONAL DE SERIE-TÍTULO UNIFORME |
| Título uniforme |
Nolo self-help law books. |
| 830 #0 - PUNTO DE ACCESO ADICIONAL DE SERIE-TÍTULO UNIFORME |
| Título uniforme |
Nolo Press self-help law. |
| 856 41 - LOCALIZACIÓN Y ACCESO ELECTRÓNICOS |
| Materiales especificados |
Table of contents |
| Identificador Uniforme de Recursos |
<a href="http://bvbr.bib-bvb.de:8991/F?func=service&doc_library=BVB01&doc_number=017748939&line_number=0001&func_code=DB_RECORDS&service_type=MEDIA">http://bvbr.bib-bvb.de:8991/F?func=service&doc_library=BVB01&doc_number=017748939&line_number=0001&func_code=DB_RECORDS&service_type=MEDIA</a> |
| 938 ## - |
| -- |
Baker and Taylor |
| -- |
BTCP |
| -- |
BK0008099001 |
| 938 ## - |
| -- |
YBP Library Services |
| -- |
YANK |
| -- |
2983113 |
| 938 ## - |
| -- |
Coutts Information Services |
| -- |
COUT |
| -- |
9447253 |
| -- |
29.99 USD |
| 938 ## - |
| -- |
Ingram |
| -- |
INGR |
| -- |
9781413310245 |
| 942 ## - ELEMENTOS DE ENTRADA SECUNDARIOS (KOHA) |
| Fuente del sistema de clasificación o colocación |
Clasificación de Library of Congress |
| Tipo de ítem Koha |
|
| 946 ## - PROCESAMIENTO DE INFORMACIÓN LOCAL (OCLC) |
| a |
FHM |
| 994 ## - |
| -- |
C0 |
| -- |
DRFGD |